Spotreba pohonných látok - spôsoby uplatnenia v daňových výdavkoch
Podľa ustanovenia § 19 ods. 2 písm. I) zákona č. 595/2003 Z. z. o dani z príjmov v z. n. p. možno do daňových výdavkov uplatniť spotrebované pohonné látky len v rozsahu a za podmienok ustanovených týmto zákonom. Praktické príklady.
Salvato in:
| Autore principale: | |
|---|---|
| Natura: | Capitolo di libro |
| Lingua: | slovacco |
| Soggetti: | |
| Tags: |
Nessun Tag, puoi essere il primo ad aggiungerne!!
|
MARC
| LEADER | 00000naa a2200000 4500 | ||
|---|---|---|---|
| 001 | 0297983 | ||
| 005 | 20240417075258.9 | ||
| 041 | 0 | |a slo | |
| 044 | |a SK | ||
| 245 | 1 | 0 | |a Spotreba pohonných látok - spôsoby uplatnenia v daňových výdavkoch |c Lucia Vanková |
| 520 | |a Podľa ustanovenia § 19 ods. 2 písm. I) zákona č. 595/2003 Z. z. o dani z príjmov v z. n. p. možno do daňových výdavkov uplatniť spotrebované pohonné látky len v rozsahu a za podmienok ustanovených týmto zákonom. Praktické príklady. | ||
| 610 | 2 | 0 | |a výdavky daňové |
| 610 | 2 | 0 | |a povinnosť daňová |
| 610 | 2 | 0 | |a daňovníci |
| 610 | 2 | 0 | |a vozidlá motorové |
| 610 | 2 | 0 | |a nafta |
| 610 | 2 | 0 | |a benzín |
| 610 | 2 | 0 | |a zákony |
| 100 | 1 | |a Vanková, Lucia | |